000 00499nam a2200193Ia 4500
005 20250326142100.0
008 250326s9999 xx 000 0 und d
037 _aTextbook
040 _aFMSL
_beng
_cFMSL
041 _aeng
_2eng
084 _qFMSL
100 _aDrrick John
_9745543
245 0 _aHandbook of new office technology
_cDrrick John; Oppenheim Phillip
250 _a2nd
260 _akogan
_bkogan, page
_c1982
300 _a325p
942 _cTB
999 _c1293351
_d1293351